Malory Towers Quiz! - Statistics

General Stats
  • This quiz has been taken 133 times
  • The average score is 3 of 6
Answer Stats
Hint Answer % Correct
Who was the main character of the original series? Darrell Rivers
91%
Who was the composed headteacher? Miss Grayling
62%
What was the name of the meanest girl in her form? Gwendoline Lacey
58%
Who was the Teacher obsessed with horse riding? Miss Peters
56%
Who came back after being expelled (her original name) Jo jones
33%
Who became friends with Gwen and looked like a rabbit? Maureen Little
20%
No matching quizzes found
Score Distribution
Percent of People with Each Score
Percentile by Number Answered
Your Score History
You have not taken this quiz